MDQL
is popping MORE tags! Check the
thread
!
Quizzes
Events
Quiz Creation
Community
Videos
Private Events
Remove Ads
Sign In
Join for FREE
Feedback
Dark Mode
Quiz Categories
Sports
Geography
Music
Movies
Television
Just For Fun
Miscellaneous
History
Literature
Language
Science
Gaming
Entertainment
Religion
Holiday
For Kids
Quiz Lab
Recent
Popular Today
Quiz Kudos Today
Editor Picks
Curator Picks
Quizzes by...
Day
Popularity
Type
Ratings
Length
Year
Community
Subscriptions
Recent Discussions
Orange Saloon
Badges
Playlists
Quests
Create
Leaderboards
Showdown
Live 5
Trivia Bingo
Activity
Puzzle Library
Sporcle Events
Private Events
Virtual Trivia
Globe League
Become a Host
Pub Owners
SporcleCon
Opinionation
Our Games
Videos
Blog
Mobile Apps
Partnerships
Remove Ads and Go Orange
Feedback
Sports
Athletes
MLB
NBA
NHL
NFL
Soccer
Sports Teams
WWE
NCAA
Football
Premier League
Basketball
Baseball
Hockey
Golf
Tennis
Cricket
Rugby
Auto Racing
Olympics
World Cup
Sports
Athletes
MLB
NBA
NHL
NFL
Soccer
Sports Teams
WWE
NCAA
Football
Premier League
Basketball
Baseball
Hockey
Golf
Tennis
Cricket
Rugby
Auto Racing
Olympics
World Cup
Random Quiz
Search Sporcle
×
Quiz Lab
Quiz Lab
Sports
NBA
Type in answers that appear in a list
Type in answers that appear in a list
Classic
Best Score? Go Orange.
76ers Draft Picks 1995-2010 Stats
Can you name the Philadelphia 76ers Draft Picks from 1995-2010?
By
notJQ
7m
30 Questions
481 Plays
481 Plays
481 Plays
Comments
Comments
Give Quiz Kudos
Give Quiz Kudos
-
- Ratings
hide this ad
More Info
Replay
Link that replays current quiz
Next Quiz
Link to next quiz in quiz playlist
You Got
0%
They Got
Avg Score
33%
Avg Friend Score
Upgrade to see
Score Distribution
Jump to the score distribution portion of the page
Score
0/30
Timer
07:00
0
Plays Today
Year-Round-Pick
Player
% Correct
2010-
1-
2
Evan Turner
92.7%
1996-
1-
1
Allen Iverson
91.5%
2009-
1-
17
Jrue Holiday
84.8%
2007-
1-
12
Thaddeus Young
79%
2004-
1-
9
Andre Iguodala
76.9%
2005-
2-
45
Louis Williams
71.3%
2008-
1-
16
Marreese Speights
66.1%
2001-
1-
26
Samuel Dalembert
62.8%
1995-
1-
3
Jerry Stackhouse
59.5%
1998-
1-
8
Larry Hughes
50.1%
1997-
1-
2
Keith Van Horn
48.9%
2000-
1-
20
Craig (Speedy) Claxton
41.6%
*2007-
1-
21
Daequan Cook
26%
*2006-
1-
13
Thabo Sefolosha
25.2%
2001-
2-
28
Alvin Jones
23.9%
Year-Round-Pick
Player
% Correct
2002-
1-
16
Jiří Welsch
12.5%
*2000-
2-
19
Mark Karcher
12.1%
*2002-
2-
16
Sam Clancy
10.6%
2001-
2-
8
Damone Brown
10.2%
1996-
2-
2
Mark Hendrickson
8.5%
*1996-
2-
3
Ryan Minor
7.5%
1999-
2-
18
Todd MacCulloch
7.3%
*2007-
1-
30
Petteri Koponen
4.6%
*2007-
2-
8
Kyrylo Fesenko
4.6%
1998-
2-
8
Casey Shaw
3.7%
*1997-
2-
5
Marko Milic
2.9%
1997-
2-
7
Kebu Stewart
2.9%
*1997-
2-
8
James Collins
2.9%
*1996-
2-
19
Jamie Feick
2.1%
*2003-
2-
21
Paccelis Morlende
1.5%
Quiz Playlist
Details
Report
Send in Message
Add To Playlist
More Info:
asterisks (*) denotes players who never played a game for the Sixers
Classic:
Type in answers that appear in a list
Quiz Source
Last Updated: Feb 16, 2017
Quiz Scoreboard
CHALLENGE
Sign Up to Join the Scoreboard
Show All
Scores
Hide
Comments
May contain spoilers
Recently Published
Image Sorting: Flags VI
by Barbecue
Geography
2m
Find the 'City' Movie
by crazypaving
Movies
60s
Colored Red Africa Blitz
by spor1
Geography
45s
More to Explore
Quiz From the Vault
Featured Blog Post
14 Easter Pick-up Lines to Find Eggs With
hide this ad
You Might Also Like...
Tags
Basketball Quiz
NBA Quiz
1995
Draft
Philadelphia 76ers
Player
Today's Top Quizzes in Sports
Browse Sports
hide this ad
Today's Top Quizzes in NBA
Browse NBA
Top Contributed Quizzes in Sports
1
Les meilleurs buteurs des matchs entre le PSG et l’OM
2
Les entraîneurs de l'OM et du PSG au 21e siècle
3
2022 World Cup Stars
4
Les joueurs passés par le PSG et l'OM
5
Players with Multiple 50 Home Run Seasons
6
Criteria MLB: Left Handed Sluggers
7
FIFA Club World Cup Champions
8
Les joueurs passés par le LOSC et le RC Lens
9
NBA Logic Puzzle 2.0
10
Top 10 NHL Goal Scorers of All Time
Explore More
Trending Topics
Kpop
Anime
NBA
Marvel
Harry Potter
Disney
Crossword
Pokémon
Puzzle
Country
The Office
WWE
NFL
Soccer
Song
hide this ad
More By:
notJQ
Quiz
Plays
Rating
Category
Featured
Created
NFL Pro Bowl RBs, 2000-2020
146,026
4.27
Sports
Nov 16, 2010
MLB Name A Player Who... (2000s)
8,156
4.00
Sports
Feb 6, 2012
MLB Name a Player Who...(2000s) Part II
2,682
4.17
Sports
Feb 8, 2012
2011 AL Opening Day Lineups
1,702
4.67
Sports
Apr 1, 2011
2011 MLB Opening Day Starters
1,645
3.40
Sports
Mar 10, 2011
Go to Creator's Profile
Score Distribution
Quiz Creator Spotlight
notJQ
Follow
Send a Message
Quizzes Created
-
Created Quiz Play Count
-
More By This Creator
Popular Quizzes Today
1
Colored Red Africa Blitz
2
Find the US States - No Outlines Minefield
3
Find the 'City' Movie
4
5x2 Blitz: Bands
5
The Countries of the World
6
Find the US States
7
Find the Countries of Europe - No Outlines Minefield
8
US States
More Sports Quizzes
'R' Names for Soccer Players
Quiz Lab
Trending Quizzes
Colored Red Europe Blitz I
Colored Red Africa Blitz II
Colored Red Europe Blitz II
Colored Red Africa Blitz III
Colored Red Europe Blitz III
Recently Updated
How Do You Spell That?
pecheneg
Godzilla Movies
pecheneg
Grab Bag: 4-10 Letters
pecheneg
2024 March Madness Bracket
pecheneg
Famous TV Couples
Peacemaker
Champions League XIs: Real Madrid
pecheneg
Largest US Cities 1790-2010
pecheneg
Rides in Walt Disney World
pecheneg
Most Oscar Losses (Acting)
pecheneg
Beyoncé Albums
pecheneg
Trending Topics
Anime
Harry Potter
Kpop
Crossword
Disney
NBA
Marvel
Country
Soccer
Song
WWE
Puzzle
Pokémon
NFL
The Office
Your Account Isn't Verified!
In order to create a playlist on Sporcle, you need to verify the email address you used during registration. Go to your
Sporcle Settings
to finish the process.
Report this User
Report this user for behavior that violates our
Community Guidelines
.
Details:
Send Report
Go to the Sporcle.com Mobile Site →
Comments